000 00659nam a22001937a 4500
005 20160127140011.0
010 _aENG-114490
020 _a9789350356098
_c575.00
035 _aEN-98022
037 _bDBAD/PUB
082 _a920
100 _aMalik, Lokendra
245 _aJustice H.R. Khanna :
_cby Lokendra Malik [and] Manish Arora; foreworded by T.S. Thakur [and] A.K. Sikri
_blaw, life and works /
260 _aGurgaon
_bLexisNexis
_c2015
270 _a14th Floor, Building No.10, Tower-B, DLF Cyber City, Phase-II
_bGurgaon
_e122002
300 _axxvi,381p.
_c25cm(Hb)
700 _aArora, Manish
942 _2ddc
_cEN
_mKHA
_h920
999 _c98339
_d98339